000 00422nam a2200205Ia 4500
001 000838
003 YMCAF
005 20230512160036.0
008 100717s1971 ||||||||||||||||| ||und|d
024 _a838
035 _a820
040 _aYMCAF
_beng
_cIN-KoLT
041 _aeng
082 _aELE-CON
100 _aCONSTONCE
245 0 _aELEC. ENGG. FOR PROFOSSI
260 _c1971
300 _a448
942 _2ddc
_cBK
999 _c654
_d654